Normal view
MARC view
- Patterson,David ,Hennessy,John
Entry Personal Name
001 - CONTROL NUMBER
- control field: 1199
003 - CONTROL NUMBER IDENTIFIER
- control field: JO-AjAnu
005 - DATE AND TIME OF LATEST TRANSACTION
- control field: 20230606070512.0
008 - FIXED-LENGTH DATA ELEMENTS
- fixed length control field: 230606|| aca||aabn | a|a d
040 ## - CATALOGING SOURCE
- Original cataloging agency: JO-AjAnu
- Transcribing agency: JO-AjAnu
100 ## - HEADING--PERSONAL NAME
- Personal name: Patterson,David ,Hennessy,John
670 ## - SOURCE DATA FOUND
- Source citation: Work cat.: (JO-AjAnu)631: Patterson,David ,Hennessy,John, author, Computer organization and design : the hardware/software interface.